Bilecik Bilecik Bilecik Bilecik Bilecik

Anadolu üniversitesi eğitim karikatürleri müzesi : (Record no. 61561)

MARC details
000 -BAŞLIK
Sabit Uzunluktaki Kontrol Alanı 01297nam a22003377a 4500
001 - KONTROL NUMARASI
Control Dosyası 0061764
003 - KONTROL NUMARASI KİMLİĞİ
Kontrol Alanı KOHA_MİRAKIL
005 - EN SON İŞLEM TARİHİ ve ZAMANI
Kontrol Alanı 20260207004350.0
007 - FİZİKSEL TANIM SABİT ALAN - GENEL BİLGİ
Sabit uzunluklu kontrol alanı ta
008 - SABİT UZUNLUKTAKİ VERİ ÖGELERİ - GENEL BİLGİ
Sabit Alan 180102b2017 tu |||gr||||#||||0|tur |
020 ## - ISBN - ULUSLARARASI STANDART KİTAP NUMARASI
Isbn 9789750621932
040 ## - KATALOGLAMA KAYNAĞI
Özgün Kataloglama Kurumu TR-BiSEU
Kataloglama Dili tur
Çeviri Kurumu TR-BiSEU
Açıklama Kuralları rda
041 0# - DİL KODU
Metin ya da ses kaydının dil kodu tur
044 ## - YAYINLAYAN/ÜRETEN KURULUŞUN ÜLKE KODU
ISO country code tu
050 ## - SINIFLAMA ve YER NUMARASI
Sınıflama Numarası NC1315.E8
Yer Numarası A53 2017
245 0# - ESER ADI BİLDİRİMİ
Başlık Anadolu üniversitesi eğitim karikatürleri müzesi :
Alt Eseradı vb. karikatür sergilerinden seçkiler (2014-2017)/
Sorumluluk Bildirimi hazırlayan Mesut Kurulgan.
264 #1 - ÜRERİM, YAYIN, DAĞITIM ve TELİF BİLDİRİMİ
Yayın yeri Eskişehir :
Yayınlayan Anadolu Üniversitesi
Yayın tarihi 2017
300 ## - FİZİKSEL TANIMLAMA
Sayfa, Cilt vb. 99 sayfa: resimli; 30 cm.
336 ## - İÇERİK TÜRÜ
Content type term metin
Content type code txt
Source rdacontent
337 ## - MEDYA TÜRÜ
Media type term aracısız
Media type code n
Source rdamedia
338 ## - TAŞIYICI TÜRÜ
Carrier type term cilt
Carrier type code nc
Source rdacarrier
490 1# - DİZİ BİLDİRİMİ
Dizi Bildirimi Anadolu Üniversitesi Yayınları No ;
Cilt Numarası 3586.
490 1# - DİZİ BİLDİRİMİ
Dizi Bildirimi Karikatür Sanatının Araştırma ve Uygulama Merkezi Yayınları No ;
Cilt Numarası 9.
500 ## - GENEL NOT
Genel Not Dizin var.
500 ## - GENEL NOT
Genel Not Kaynakça var.
650 #0 - KONU BAŞLIĞI EK GİRİŞ - KONU TERİMİ
Konusal terim veya coğrafi ad Anadolu üniversitesi eğitim karikatürleri müzesi--Sergiler.
9 (RLIN) 114675
650 #0 - KONU BAŞLIĞI EK GİRİŞ - KONU TERİMİ
Konusal terim veya coğrafi ad Karikatürler ve çizgi romanlar--Türkiye--Eskişehir--Sergiler.
9 (RLIN) 114676
830 1# - SERİ EK GİRİŞİ - TEKBİÇİM ESER ADI
Tekbiçim Başlık Anadolu Üniversitesi Yayınları No ;
Volume number/sequential designation 3586.
9 (RLIN) 24965
830 1# - SERİ EK GİRİŞİ - TEKBİÇİM ESER ADI
Tekbiçim Başlık Karikatür Sanatının Araştırma ve Uygulama Merkezi Yayınları No ;
Volume number/sequential designation 9.
9 (RLIN) 114677
942 ## - EK GİRİŞ ÖGELERİ (KOHA)
Source of classification or shelving scheme Library of Congress Classification
Koha item type Book
Holdings
Materyal Türü Kalıcı Konum Mevcut Konum Raf Yeri Sınıflandırma Kaynağı Edinim Bilgisi Ana Konular Alt Konular Yer Numarası Demirbaş Numarası Fatura Tarihi Geri Çekilme Durumu Kayıp Durumu Hasarlı Durumu Kredi için değil Kayıt Tarih Toplam Ödünçverme Son Görülme Tarihi Son Kontrol Tarihi Genel / Bağış Notu
Book Prof. Dr. Azmi Özcan Kütüphanesi Prof. Dr. Azmi Özcan Kütüphanesi Uluğbey Salonu Library of Congress Classification Bağış GÜZEL SANATLAR Çizim, Tasarım, İllüstrasyon NC1315.E8 A53 2017 0061764 02/02/2026         02/01/2018   26/05/2025 26/05/2025 Genel Bağış